| 000 | 01275nam a22002777a 4500 | ||
|---|---|---|---|
| 999 |
_c13671 _d13671 |
||
| 003 | AR-CdUCM | ||
| 008 | 190416b ||||| |||| 00| 0 spa d | ||
| 040 |
_aMUNICIPALIDAD PROVINCIAL DEL CUSCO _cBIBLIOTECA MUNICIPAL DEL CUSCO |
||
| 082 |
_a970 / _bL54 / 1940 |
||
| 100 |
_aLevene, Ricardo _916943 |
||
| 245 | _aHistoria de américa / | ||
| 260 |
_aBuenos Aires : _bW. M. Jackson, _c1940. |
||
| 300 |
_a14 tomos ; _bIlustraciones, _c24 cm. |
||
| 505 | _aContenido: t.1. Introducción geográfica y los aborígenes de américa del norte y américa central -- t.2. Los aborígenes de América del sur -- t.3. Descubrimiento de América américa colonial hispana -- t.4. América colonial portuguesa e inglesa -- t.5. al t.8. Independencia y organización constitucional -- t.9. al t.13. América contemporánea -- t.14. Textos constitucionales de los estados americanos. | ||
| 650 |
_aAmérica _91348 |
||
| 650 |
_aHistoria _9136 |
||
| 650 |
_aCondiciones sociales _91132 |
||
| 650 |
_aDescubrimiento _9249 |
||
| 650 |
_aPueblos aborígenes _932168 |
||
| 700 |
_aDaus, Federico A. _932169 |
||
| 700 |
_aMárquez Miranda, Fernando _932170 |
||
| 700 |
_aGandía, Enrique De _915556 |
||
| 700 |
_aCalmón, Pedro _932171 |
||
| 942 |
_2ddc _cLIBROS |
||
| 945 |
_aacv _d2019-04-16 |
||